Score 0/10 Timer 03:00
0 Plays Today
% Correct
Switzerland
95.7%
Austria
93.9%
Italy
71.3%
Andorra
61.7%
Montenegro
55.7%
Spain
54.8%
Greece
51.3%
Bosnia and Herzegovina
44.3%
Albania
43.5%
Iceland
37.4%

You're not logged in!

Compare scores with friends on all Sporcle quizzes.
OR
Log In

Sporcle TV

Today on Sporcle TV


Watch our educational content, quiz creation guides, and fun videos on Sporcle TV.

Show Comments

Extras

Top Quizzes Today


Score Distribution

Paid Content

Your Account Isn't Verified!

In order to create a playlist on Sporcle, you need to verify the email address you used during registration. Go to your Sporcle Settings to finish the process.

Report this User

Report this user for behavior that violates our Community Guidelines.

Details: